Essentials of entrepreneurship and small business management (Record no. 2634)

000 -LEADER
fixed length control field 00667nam a22002297a 4500
003 - CONTROL NUMBER IDENTIFIER
control field OSt
005 - DATE AND TIME OF LATEST TRANSACTION
control field 20210715101534.0
008 - FIXED-LENGTH DATA ELEMENTS--GENERAL INFORMATION
fixed length control field 210715b ||||| |||| 00| 0 eng d
020 ## - INTERNATIONAL STANDARD BOOK NUMBER
International Standard Book Number 0130172804
020 ## - INTERNATIONAL STANDARD BOOK NUMBER
International Standard Book Number 9780130172808
040 ## - CATALOGING SOURCE
Transcribing agency ALUPE UNIVERSITY
050 ## - LIBRARY OF CONGRESS CALL NUMBER
Classification number HD62.7
Item number .Z55 2002
100 ## - MAIN ENTRY--PERSONAL NAME
Personal name Thomas W Zimmerer;
245 ## - TITLE STATEMENT
Title Essentials of entrepreneurship and small business management
250 ## - EDITION STATEMENT
Edition statement 3. ed
260 ## - PUBLICATION, DISTRIBUTION, ETC.
Place of publication, distribution, etc. Upper Saddle River : Prentice Hall, 2002.
Name of publisher, distributor, etc. Prentice Hall,
Date of publication, distribution, etc. c2002
300 ## - PHYSICAL DESCRIPTION
Extent 599p
500 ## - GENERAL NOTE
General note indexes included
650 ## - SUBJECT ADDED ENTRY--TOPICAL TERM
Source of heading or term virksomhedsorganisering.
700 ## - ADDED ENTRY--PERSONAL NAME
Personal name Norman M Scarborough
942 ## - ADDED ENTRY ELEMENTS (KOHA)
Source of classification or shelving scheme
Koha item type Book
Suppress in OPAC DO
Holdings
Withdrawn status Lost status Source of classification or shelving scheme Damaged status Not for loan Permanent Location Current Location Shelving location Date acquired Source of acquisition Total Checkouts Full call number Barcode Date last seen Price effective from Koha item type Public note
          AU LIBRARY AU LIBRARY Open Shelf 15.07.2021 DONATION FROM MU   HD62.7 .Z55 2002 28002993 15.07.2021 15.07.2021 Book DO

Powered by Koha